[Event "BL 8283 Bamberg-Bochum"]
[Site "?"]
[Date "1982.??.??"]
[Round "?.6"]
[White "Ruehrig, V."]
[Black "Heinbuch, D."]
[Result "0-1"]
[WhiteElo "2300"]
[BlackElo "2285"]
[PlyCount "120"]
[EventDate "1982.??.??"]

1. c4 c5 2. Nc3 b6 3. Nf3 Bb7 4. g3 Nf6 5. Bg2 e6 6. O-O Be7 7. d4 cxd4 8. Nxd4
Bxg2 9. Kxg2 Qc7 10. b3 a6 11. Bb2 O-O 12. Qd3 Rd8 13. Rac1 Nc6 14. Rfd1 Rac8
15. e4 Qb7 16. f3 d6 17. Qe2 Na7 18. Rd2 Rd7 19. Rcd1 Rdc7 20. a4 Nd7 21. f4
Nc6 22. Nxc6 Rxc6 23. Nd5 Bf8 24. Nb4 R6c7 25. Nd3 b5 26. cxb5 axb5 27. a5 Qa8
28. Ra1 Ra7 29. b4 Rc4 30. Rc1 Rxe4 31. Qf3 Rc4 32. Qxa8 Rxa8 33. Rxc4 bxc4 34.
Ne1 d5 35. Bc3 Nf6 36. Re2 d4 37. Bxd4 Bxb4 38. f5 Rxa5 39. fxe6 fxe6 40. Rxe6
Ra2+ 41. Kf3 Kf7 42. Re2 Rxe2 43. Kxe2 Bxe1 44. Kxe1 Ke6 45. Ke2 Kd5 46. Bb2
Ke4 47. h3 Ne8 48. Ba1 g6 49. Kd2 Nd6 50. Kc3 Kd5 51. Kd2 Ne4+ 52. Ke3 Nxg3 53.
Kf4 Ne4 54. h4 h5 55. Bb2 c3 56. Bc1 Nc5 57. Kg5 Nd3 58. Ba3 c2 59. Kxg6 Kc4
60. Kxh5 Kb3 0-1

[Event "BL 8283 Erlangen-Solingen"]
[Site "?"]
[Date "1982.??.??"]
[Round "?.1"]
[White "Spassky, B."]
[Black "Feustel, B."]
[Result "1-0"]
[WhiteElo "2610"]
[BlackElo "2360"]
[PlyCount "73"]
[EventDate "1982.??.??"]

1. e4 g6 2. d4 Bg7 3. c4 d6 4. Nc3 Nd7 5. Nf3 e6 6. g3 Ne7 7. Bg2 O-O 8. O-O a6
9. Re1 Rb8 10. a4 b6 11. Be3 h6 12. Qc2 Nc6 13. Rad1 e5 14. Nd5 exd4 15. Nxd4
Bb7 16. f4 Re8 17. Nxc6 Bxc6 18. e5 dxe5 19. f5 gxf5 20. Qxf5 Bxa4 21. Rd2 Re6
22. Rf1 Nf6 23. Qh3 Rd6 24. Nxf6+ Bxf6 25. Rxd6 Qxd6 26. Bd5 Be8 27. Qxh6 Bg7
28. Qh5 Qd7 29. Bh6 Bxh6 30. Qxh6 b5 31. Qg5+ Kf8 32. Qxe5 Rb6 33. Qh8+ Ke7 34.
Re1+ Kd8 35. c5 Rg6 36. c6 Rxc6 37. Rxe8+ 1-0

[Event "BL 8283 Erlangen-Solingen"]
[Site "?"]
[Date "1982.??.??"]
[Round "?.6"]
[White "Tischer, G."]
[Black "Dueball, J."]
[Result "1/2-1/2"]
[WhiteElo "2275"]
[BlackElo "2455"]
[PlyCount "165"]
[EventDate "1982.??.??"]

1. c4 g6 2. d4 Nf6 3. Nf3 Bg7 4. g3 O-O 5. Bg2 d5 6. cxd5 Nxd5 7. O-O Nc6 8. e4
Nb6 9. d5 Na5 10. Nc3 c6 11. Bg5 h6 12. Bf4 cxd5 13. Nxd5 Nxd5 14. exd5 Bg4 15.
Rc1 Rc8 16. Rxc8 Qxc8 17. Qe2 Qf5 18. h3 Bxf3 19. Bxf3 g5 20. Bc1 Nc4 21. Be4
Qc8 22. Bg2 Ne5 23. b3 Qf5 24. Ba3 Bf6 25. Rc1 Rd8 26. Rc7 Rd7 27. Rc8+ Kg7 28.
Qe4 Qxe4 29. Bxe4 h5 30. Kg2 Ng6 31. Bc5 b6 32. Be3 g4 33. hxg4 hxg4 34. a4 Be5
35. Rc6 Bf6 36. Rc8 Be5 37. Rc6 Bf6 38. b4 Ne5 39. Rc8 e6 40. dxe6 fxe6 41. a5
bxa5 42. bxa5 Nf7 43. Ra8 Bd4 44. Bc6 Rd6 45. Bxd4+ Rxd4 46. Rxa7 Kf6 47. Ra8
Ne5 48. Bb7 Ra4 49. a6 Ra2 50. Rd8 Nf3 51. Bxf3 gxf3+ 52. Kxf3 Rxa6 53. Rd1 Ra4
54. Re1 Kf5 55. Kg2 Ra2 56. Re3 Rb2 57. Kf3 Rb4 58. Re2 Rb3+ 59. Kg2 Ra3 60. f3
Rb3 61. g4+ Kf6 62. Kf2 e5 63. Re3 Rb2+ 64. Kg3 Ra2 65. Rb3 Rc2 66. Rb6+ Kf7
67. Rb3 Kf6 68. Ra3 Rb2 69. Ra6+ Kf7 70. g5 Rb4 71. Rf6+ Ke7 72. Rh6 Rf4 73.
Rh4 Rf5 74. Kg4 Rf4+ 75. Kg3 Rf5 76. Kg4 Rf4+ 77. Kh5 Rxf3 78. Kg6 Rg3 79. Ra4
Ke6 80. Ra6+ Kd5 81. Ra5+ Kd4 82. Ra4+ Kd5 83. Ra5+ 1/2-1/2

[Event "BL 8283 Bochum-Erlangen"]
[Site "?"]
[Date "1982.??.??"]
[Round "?.1"]
[White "Feustel, B."]
[Black "Schussler, H."]
[Result "1/2-1/2"]
[WhiteElo "2360"]
[BlackElo "2495"]
[PlyCount "41"]
[EventDate "1982.??.??"]

1. Nf3 Nf6 2. c4 e6 3. g3 d5 4. b3 Be7 5. Bg2 O-O 6. O-O c5 7. e3 Nc6 8. Qc2 b6
9. d3 Bb7 10. Bb2 Qc7 11. Nbd2 Rfd8 12. Rfd1 Rac8 13. Rac1 Qb8 14. a3 a6 15.
Qb1 Qa8 16. Rc2 dxc4 17. Nxc4 b5 18. Ncd2 Qa7 19. Rdc1 Nb8 20. d4 cxd4 21. Nxd4
1/2-1/2

[Event "BL 8283 Bochum-Erlangen"]
[Site "?"]
[Date "1982.??.??"]
[Round "?.6"]
[White "Heinbuch, D."]
[Black "Tischer, G."]
[Result "1/2-1/2"]
[WhiteElo "2285"]
[BlackElo "2275"]
[PlyCount "55"]
[EventDate "1982.??.??"]

1. d4 Nf6 2. Nf3 g6 3. g3 Bg7 4. Bg2 d6 5. c4 O-O 6. Nc3 Nbd7 7. O-O e5 8. b3
Re8 9. Qc2 c6 10. Rd1 e4 11. Ng5 e3 12. fxe3 Nf8 13. e4 Qe7 14. e3 Bh6 15. Nh3
Bxh3 16. Bxh3 Nxe4 17. Re1 f5 18. Bg2 Nxc3 19. Qxc3 Bg7 20. Bb2 Ne6 21. Qd3 Ng5
22. Rad1 a5 23. Bc3 Qc7 24. e4 Nxe4 25. Bxe4 fxe4 26. Rxe4 Rxe4 27. Qxe4 Qd7
28. Re1 1/2-1/2

[Event "BL 8283 Bochum-Erlangen"]
[Site "?"]
[Date "1982.??.??"]
[Round "?.8"]
[White "Ueter, H."]
[Black "Hommel, G."]
[Result "1/2-1/2"]
[WhiteElo "2210"]
[BlackElo "2240"]
[PlyCount "68"]
[EventDate "1982.??.??"]

1. e4 c6 2. d4 d5 3. e5 Bf5 4. Nd2 h5 5. Ndf3 e6 6. Bd3 Ne7 7. Ne2 Nd7 8. Bxf5
Nxf5 9. Ng3 g6 10. Nxf5 gxf5 11. Bg5 Qa5+ 12. c3 Qa6 13. h4 c5 14. Qe2 Qxe2+
15. Kxe2 Rc8 16. Rac1 c4 17. Rh3 Be7 18. Bxe7 Kxe7 19. Rg3 Rcg8 20. Rxg8 Rxg8
21. Ng5 f6 22. exf6+ Kxf6 23. g3 b5 24. Nh3 Ke7 25. Nf4 Nf6 26. Re1 Kd6 27. Kf1
Re8 28. f3 a5 29. a3 Re7 30. Kf2 Re8 31. Re3 Re7 32. Re2 Re8 33. Nh3 Nd7 34.
Ng5 Re7 1/2-1/2

[Event "BL 8283 Solingen-Bamberg"]
[Site "?"]
[Date "1982.??.??"]
[Round "?.1"]
[White "Hartmann, Wo"]
[Black "Spassky, B."]
[Result "1/2-1/2"]
[WhiteElo "2275"]
[BlackElo "2610"]
[PlyCount "62"]
[EventDate "1982.??.??"]

1. e4 b6 2. d4 Bb7 3. Nd2 e6 4. Ngf3 g6 5. Bd3 Bg7 6. O-O d6 7. c3 Nd7 8. Qe2
Ne7 9. b4 O-O 10. a4 a6 11. Bb2 h6 12. h4 e5 13. dxe5 Nxe5 14. Nxe5 dxe5 15.
Rad1 Qd7 16. Bc2 Qc6 17. Qc4 Rad8 18. Ba3 Rfe8 19. b5 axb5 20. axb5 Qxc4 21.
Nxc4 Nc8 22. f3 Na7 23. Ba4 h5 24. Bc1 f6 25. Be3 Nc8 26. Rxd8 Rxd8 27. Rd1
Rxd1+ 28. Bxd1 Bf8 29. Kf2 Kg7 30. Bc2 Nd6 31. Nxd6 Bxd6 {.../51/} 1/2-1/2

[Event "BL 8283 Solingen-Bamberg"]
[Site "?"]
[Date "1982.??.??"]
[Round "?.2"]
[White "Kavalek, L."]
[Black "Backwinkel, P."]
[Result "1-0"]
[WhiteElo "2570"]
[BlackElo "2305"]
[PlyCount "98"]
[EventDate "1982.??.??"]

1. e4 c6 2. d4 d5 3. Nd2 dxe4 4. Nxe4 Nf6 5. Nxf6+ exf6 6. c3 Bd6 7. Bd3 O-O 8.
Qc2 Re8+ 9. Ne2 h6 10. Be3 Nd7 11. O-O-O Qa5 12. Kb1 b5 13. Bh7+ Kh8 14. Be4
Qc7 15. Ng3 Nb6 16. Qc1 h5 17. f3 g6 18. Bf2 Bf4 19. Be3 Bd6 20. Bd3 f5 21. Ne2
Nd5 22. Bd2 Be6 23. g3 Qa5 24. b3 Qc7 25. Rhg1 a5 26. h3 a4 27. b4 a3 28. g4
hxg4 29. fxg4 f4 30. Rdf1 Ne3 31. Bxe3 fxe3 32. h4 Bh2 33. Rh1 Bxg4 34. Qe1 Bh3
35. h5 g5 36. h6 Re6 37. Rfg1 Rg8 38. h7 Rg7 39. Ng3 Bxg1 40. Rxg1 Qf4 41. Nh5
Qf2 42. Qc1 e2 43. Re1 Rxh7 44. Bxh7 Kxh7 45. Kc2 Bf5+ 46. Kb3 Rh6 47. Qxg5
Be6+ 48. Kxa3 Rg6 49. Qd2 Bc4 {ZÜ} 1-0

[Event "BL 8283 Solingen-Bamberg"]
[Site "?"]
[Date "1982.??.??"]
[Round "?.3"]
[White "Kestler, H."]
[Black "Hecht, H."]
[Result "1/2-1/2"]
[WhiteElo "2395"]
[BlackElo "2455"]
[PlyCount "56"]
[EventDate "1982.??.??"]

1. c4 Nf6 2. Nf3 b6 3. g3 Bb7 4. Bg2 e6 5. O-O Be7 6. d4 O-O 7. Nc3 Ne4 8. Bd2
d6 9. Nxe4 Bxe4 10. Bc3 Bf6 11. Rc1 Nd7 12. Qd2 Qe7 13. Qe3 Bb7 14. Rfd1 Rae8
15. Rd2 g6 16. Rdc2 Bg7 17. Bd2 c5 18. dxc5 dxc5 19. Ne1 Ne5 20. Bxb7 Qxb7 21.
b3 Nc6 22. Bc3 Bxc3 23. Qxc3 Rd8 24. Nf3 Nd4 25. Nxd4 Rxd4 26. e3 Rd7 27. Rd2
Rfd8 28. Rcd1 Rxd2 1/2-1/2

[Event "BL 8283 Solingen-Bamberg"]
[Site "?"]
[Date "1982.??.??"]
[Round "?.4"]
[White "Lau, R."]
[Black "Bartsch, B."]
[Result "1/2-1/2"]
[WhiteElo "2415"]
[BlackElo "2265"]
[PlyCount "47"]
[EventDate "1982.??.??"]

1. d4 Nf6 2. Nf3 e6 3. c4 d5 4. Nc3 Be7 5. Bg5 b6 6. cxd5 Nxd5 7. Bxe7 Qxe7 8.
Rc1 Nxc3 9. Rxc3 O-O 10. e3 Bb7 11. Qa4 Rc8 12. Be2 Nd7 13. O-O c5 14. Rfc1 e5
15. Ba6 Bxa6 16. Qxa6 e4 17. Nd2 Re8 18. Nb3 cxd4 19. Nxd4 Nc5 20. Qb5 a5 21.
a3 Qf6 22. Qc6 Qxc6 23. Nxc6 Kf8 24. Rc4 1/2-1/2

[Event "BL 8283 Solingen-Bamberg"]
[Site "?"]
[Date "1982.??.??"]
[Round "?.6"]
[White "Dueball, J."]
[Black "Ruehrig, V."]
[Result "1-0"]
[WhiteElo "2455"]
[BlackElo "2300"]
[PlyCount "123"]
[EventDate "1982.??.??"]

1. Nf3 Nf6 2. d4 d6 3. c4 Nbd7 4. Nc3 e5 5. e4 Be7 6. g3 c6 7. Bg2 Qa5 8. O-O
Qb4 9. Qd3 exd4 10. Qxd4 O-O 11. Bd2 Qc5 12. Rad1 Qh5 13. Bf4 Ne8 14. Qd2 Nb6
15. Qd3 Bg4 16. Nd4 Bxd1 17. Rxd1 g6 18. h4 Qc5 19. b3 Bf6 20. Nc2 Nc8 21. b4
Qb6 22. c5 dxc5 23. Na4 Qb5 24. Qxb5 cxb5 25. Nxc5 Nb6 26. Nxb7 Rc8 27. Ne3 Nc7
28. Bh3 Ne6 29. Bd6 Rfe8 30. Nd5 Kg7 31. e5 Nxd5 32. Rxd5 Bd8 33. Nxd8 Rcxd8
34. Bxe6 Rxe6 35. Rxb5 Rd7 36. Rb8 Rexd6 37. exd6 Rxd6 38. a4 a5 39. bxa5 Rd4
40. Rb5 Rxa4 41. Kg2 Ra3 42. g4 h6 43. f3 Ra1 44. Kg3 Ra4 45. h5 g5 46. Kf2 Ra3
47. Rf5 Ra2+ 48. Ke3 Kf8 49. Kd4 Rc2 50. Rc5 Rf2 51. a6 Ra2 52. Rc6 Ke7 53.
Rxh6 Kd7 54. Rb6 Kc7 55. Rb7+ Kd6 56. Rxf7 Ra4+ 57. Ke3 Ke6 58. Rg7 Ra3+ 59.
Kf2 Ra5 60. a7 Ke5 61. Rxg5+ Kf4 62. Rf5+ 1-0

[Event "BL 8283 Solingen-Bamberg"]
[Site "?"]
[Date "1982.??.??"]
[Round "?.7"]
[White "Schlaugat, M."]
[Black "Bilek, M."]
[Result "1/2-1/2"]
[WhiteElo "2235"]
[BlackElo "2305"]
[PlyCount "33"]
[EventDate "1982.??.??"]

1. d4 c5 2. d5 e5 3. e4 d6 4. Nf3 Be7 5. Nc3 Bg4 6. Be2 Bxf3 7. Bxf3 Bg5 8.
Bxg5 Qxg5 9. Nb5 Qe7 10. a4 Nf6 11. Qd3 O-O 12. Na3 Na6 13. Nc4 Nc7 14. Ne3 g6
15. Be2 b6 16. O-O a6 17. f3 1/2-1/2

[Event "BL 8283 Frankfurt-HSK"]
[Site "?"]
[Date "1982.??.??"]
[Round "?.3"]
[White "Cordes, H."]
[Black "Podzielny, K."]
[Result "1/2-1/2"]
[WhiteElo "2280"]
[BlackElo "2405"]
[PlyCount "120"]
[EventDate "1982.??.??"]

1. d4 Nf6 2. c4 g6 3. Nc3 Bg7 4. e4 d6 5. f3 O-O 6. Bg5 h6 7. Be3 Nc6 8. Qd2 e5
9. d5 Nd4 10. Nge2 c5 11. dxc6 bxc6 12. Nxd4 exd4 13. Bxd4 Rb8 14. Be2 Qa5 15.
O-O Be6 16. Rfd1 Qb4 17. Bxa7 Rb7 18. Be3 Qxb2 19. Rab1 Qxd2 20. Bxd2 Rxb1 21.
Rxb1 Nd7 22. Nd5 Ne5 23. Ne3 g5 24. a4 Ra8 25. a5 Nd7 26. Kf1 Bd4 27. Nd5 Ne5
28. Nc7 Ra7 29. Rb8+ Kh7 30. Nxe6 fxe6 31. Ke1 Kg7 32. Kd1 Kf7 33. Ke1 Nd7 34.
Rb1 Ke7 35. g3 Nc5 36. h4 gxh4 37. gxh4 h5 38. Kd1 Bf6 39. Be1 Ra8 40. f4 Nxe4
41. Rb7+ Kf8 42. Bxh5 Bc3 43. Bxc3 Nxc3+ 44. Kc2 Rxa5 45. Bf3 Na4 46. Bxc6 Nc5
47. Rb8+ Ke7 48. h5 Ra2+ 49. Kc3 Ra3+ 50. Kd2 Rh3 51. Rh8 Nb3+ 52. Ke1 Nd4 53.
Bg2 Rh4 54. h6 Kf6 55. Be4 Nf5 56. h7 Kg7 57. Re8 Kxh7 58. Rxe6 Rxf4 59. Kd2
Kg7 60. Bxf5 Rxc4 1/2-1/2

[Event "BL 8283 Frankfurt-HSK"]
[Site "?"]
[Date "1982.??.??"]
[Round "?.4"]
[White "Werner, D."]
[Black "Gruenberg, Ra"]
[Result "1-0"]
[WhiteElo "2340"]
[BlackElo "2315"]
[PlyCount "49"]
[EventDate "1982.??.??"]

1. d4 Nf6 2. Nf3 g6 3. g3 Bg7 4. Bg2 d5 5. O-O O-O 6. c4 dxc4 7. Na3 Nc6 8.
Nxc4 Be6 9. Nce5 Bd5 10. Bf4 Nxe5 11. Bxe5 c6 12. Qa4 Ne4 13. Bxg7 Kxg7 14.
Rfd1 Nd6 15. Ne5 f6 16. Nd3 Qb6 17. Bxd5 cxd5 18. Nf4 Qxb2 19. Rab1 Qc3 20.
Rdc1 Qd2 21. Rc2 b5 22. Qb3 Qa5 23. Ne6+ Kh8 24. Nxf8 Rxf8 25. Qxd5 {.../34/}
1-0

[Event "BL 8283 Frankfurt-HSK"]
[Site "?"]
[Date "1982.??.??"]
[Round "?.5"]
[White "Jacoby, G."]
[Black "Haakert, J."]
[Result "0-1"]
[WhiteElo "2270"]
[BlackElo "2305"]
[PlyCount "80"]
[EventDate "1982.??.??"]

1. e4 e5 2. Nf3 Nc6 3. Bb5 Nf6 4. d4 exd4 5. O-O Be7 6. e5 Ne4 7. Qe2 Nc5 8.
Rd1 Ne6 9. Bxc6 dxc6 10. c3 O-O 11. Be3 f5 12. exf6 Rxf6 13. Nxd4 Bd6 14. Nxe6
Rxe6 15. Nd2 Rg6 16. Ne4 Bg4 17. f3 Bf5 18. Rd4 Qe7 19. Qd2 Be5 20. Rd3 Bxe4
21. fxe4 Qh4 22. h3 Rf8 23. Bc5 Re8 24. Rf1 b6 25. Qf2 Qxf2+ 26. Bxf2 Bd6 27.
Re1 Rge6 28. Rde3 Bf4 29. R3e2 c5 30. g3 Be5 31. Kg2 Rd8 32. Re3 c4 33. R1e2 c5
34. Rf3 Rd3 35. Be3 Bf6 36. Bf4 g5 37. Bb8 Rd8 38. Bc7 Rc8 39. Ref2 Be7 40. Bf4
gxf4 {.../51/} 0-1

[Event "BL 8283 Frankfurt-HSK"]
[Site "?"]
[Date "1982.??.??"]
[Round "?.6"]
[White "Bialas, W."]
[Black "Hess, C."]
[Result "1-0"]
[WhiteElo "2345"]
[BlackElo "2235"]
[PlyCount "69"]
[EventDate "1982.??.??"]

1. Nf3 c5 2. g3 Nc6 3. Bg2 g6 4. d4 cxd4 5. Nxd4 Bg7 6. Nxc6 bxc6 7. c4 Rb8 8.
Qc2 Qa5+ 9. Nd2 Nf6 10. O-O O-O 11. c5 Ba6 12. Bf3 Rb5 13. Nb3 Qa4 14. Rd1 Nd5
15. e4 Nb4 16. Qb1 Rb7 17. Be3 Bc4 18. Nd4 Qa6 19. b3 Bd3 20. Qb2 e5 21. Ne2 f5
22. a3 Nc2 23. Rxd3 Nxa1 24. Rc3 Qa4 25. Qxa1 Qa6 26. Nc1 f4 27. Be2 Qa5 28. b4
Qd8 29. Bd2 a5 30. Bc4+ Kh8 31. Rd3 axb4 32. axb4 Qf6 33. Rd6 Qg5 34. Nd3 Qh5
35. Bc3 1-0

[Event "BL 8283 Frankfurt-HSK"]
[Site "?"]
[Date "1982.??.??"]
[Round "?.7"]
[White "Schacht, H."]
[Black "Steinbacher, M."]
[Result "0-1"]
[WhiteElo "2220"]
[BlackElo "2265"]
[PlyCount "82"]
[EventDate "1982.??.??"]

1. d4 d5 2. c4 dxc4 3. e4 e5 4. Nf3 exd4 5. Bxc4 Bb4+ 6. Nbd2 Nc6 7. O-O Bc5 8.
Nb3 Bb6 9. Bb5 Bd7 10. Nbxd4 Nxd4 11. Nxd4 Nf6 12. Bg5 Bxb5 13. Nxb5 Qxd1 14.
Raxd1 Nxe4 15. Rde1 f5 16. Nxc7+ Bxc7 17. f3 h6 18. Bc1 O-O 19. fxe4 Ba5 20.
Re2 Rae8 21. e5 Bb6+ 22. Kh1 Re6 23. h4 Rc8 24. Bf4 Kf7 25. Rd1 g5 26. Bh2 Rc4
27. hxg5 hxg5 28. b3 Rd4 29. Rxd4 Bxd4 30. Rd2 Bxe5 31. Bxe5 Rxe5 32. Rd7+ Re7
33. Rd6 f4 34. Kg1 Re2 35. Rd7+ Ke6 36. Rxb7 Rxa2 37. Rb5 g4 38. Rb4 Kf5 39.
Rb5+ Kf6 40. g3 f3 41. Rb4 Rg2+ 0-1

[Event "BL 8283 Frankfurt-HSK"]
[Site "?"]
[Date "1982.??.??"]
[Round "?.8"]
[White "Fahnenschmidt, G."]
[Black "Schroeder, C."]
[Result "1-0"]
[WhiteElo "2355"]
[BlackElo "2230"]
[PlyCount "66"]
[EventDate "1982.??.??"]

1. d4 d5 2. c4 c6 3. Nf3 Nf6 4. Nc3 Bf5 5. cxd5 cxd5 6. Qb3 Qb6 7. Nxd5 Nxd5 8.
Qxd5 e6 9. Qc4 Bb4+ 10. Nd2 Nc6 11. e3 a6 12. Bd3 Bxd2+ 13. Bxd2 Bxd3 14. Qxd3
Qxb2 15. O-O Qb6 16. Rab1 Qc7 17. Qa3 Rb8 18. Qc5 Rd8 19. Rfc1 Rd5 20. Qa7 Rd7
21. Qa8+ Qd8 22. Qxd8+ Nxd8 23. Rc8 f6 24. Ba5 Ke7 25. Rb8 e5 26. dxe5 fxe5 27.
g3 Rd5 28. Bxd8+ Rhxd8 29. Rxd8 Rxd8 30. Rxb7+ Kf8 31. Rb6 Ra8 32. Re6 Kf7 33.
Rxe5 Rb8 {.../46/} 1-0

[Event "BL 8283 HSK-Kettig"]
[Site "?"]
[Date "1982.??.??"]
[Round "?.1"]
[White "Weidemann, J."]
[Black "Huebner, R."]
[Result "1/2-1/2"]
[WhiteElo "2285"]
[BlackElo "2630"]
[PlyCount "116"]
[EventDate "1982.??.??"]

1. e4 Nf6 2. e5 Nd5 3. d4 d6 4. c4 Nb6 5. f4 dxe5 6. fxe5 Nc6 7. Be3 Bf5 8. Nc3
e6 9. Nf3 Be7 10. d5 exd5 11. cxd5 Nb4 12. Nd4 Bd7 13. e6 fxe6 14. dxe6 Bc6 15.
Qg4 Bh4+ 16. g3 Bxh1 17. O-O-O Qf6 18. gxh4 O-O 19. Bb5 c5 20. Bg5 Qe5 21. e7
cxd4 22. exf8=Q+ Rxf8 23. Qxd4 Nxa2+ 24. Kc2 Qf5+ 25. Bd3 Qf2+ 26. Qxf2 Rxf2+
27. Kb3 Nxc3 28. bxc3 Rxh2 29. Bd8 Bd5+ 30. Kb4 Bc6 31. Rf1 Rb2+ 32. Kc5 Rd2
33. Be7 g6 34. Rf8+ Kg7 35. Rd8 Na4+ 36. Kb4 Nb2 37. Bb1 Rxd8 38. Bxd8 Nd1 39.
Bg5 a6 40. Kc4 Nf2 41. Kd4 Ng4 42. Bd8 Nh6 43. Bd3 Nf5+ 44. Ke5 Nh6 45. Bf6+
Kf8 46. Ke6 Be8 47. Be7+ Kg8 48. Be4 b5 49. Bb4 Kg7 50. Bb7 Nf5 51. h5 Bf7+ 52.
Ke5 Ne3 53. Bxa6 Bc4 54. hxg6 Kxg6 55. Bb7 h5 56. Kf4 Nd5+ 57. Bxd5 Bxd5 58.
Kg3 Kf5 1/2-1/2

[Event "BL 8283 Lasker-Frankfurt"]
[Site "?"]
[Date "1982.??.??"]
[Round "?.2"]
[White "Paulsen, D."]
[Black "Lobron, E."]
[Result "0-1"]
[WhiteElo "2330"]
[BlackElo "2470"]
[PlyCount "56"]
[EventDate "1982.??.??"]

1. d4 Nf6 2. c4 e6 3. Nc3 Bb4 4. Qc2 O-O 5. Nf3 c5 6. dxc5 Na6 7. a3 Bxc3+ 8.
Qxc3 Nxc5 9. b4 Nce4 10. Qd4 d6 11. Bg5 Nxg5 12. Nxg5 e5 13. Qb2 h6 14. Nf3 e4
15. Nd4 e3 16. f3 Nd7 17. g3 Qf6 18. Qc3 Nb6 19. Rc1 Be6 20. Qxe3 Bxc4 21. Bg2
Rfe8 22. Qd2 a5 23. b5 Re7 24. Kf2 Rae8 25. Rhe1 d5 26. Rc3 Na4 27. Rcc1 Nc5
28. Qf4 Rxe2+ 0-1

[Event "BL 8283 Lasker-Frankfurt"]
[Site "?"]
[Date "1982.??.??"]
[Round "?.3"]
[White "Podzielny, K."]
[Black "Grzesik, T."]
[Result "1-0"]
[WhiteElo "2405"]
[BlackElo "2330"]
[PlyCount "93"]
[EventDate "1982.??.??"]

1. d4 Nf6 2. c4 e6 3. Nf3 c5 4. d5 exd5 5. cxd5 d6 6. Nc3 g6 7. e4 Bg7 8. Be2
O-O 9. O-O Re8 10. Nd2 Na6 11. Re1 Nc7 12. a4 b6 13. Qc2 Rb8 14. Nc4 Ba6 15.
Bf4 Bxc4 16. Bxc4 Nh5 17. Be3 a6 18. Qd3 b5 19. axb5 axb5 20. Nxb5 Bxb2 21. Ra2
Bg7 22. Na7 Qh4 23. Nc6 Ra8 24. Bd2 Rxa2 25. Bxa2 Nf6 26. g3 Qh3 27. f3 Nd7 28.
Ba5 Ra8 29. f4 Bd4+ 30. Kh1 Nf6 31. Qf3 Ng4 32. Re2 Nb5 33. Bc4 Bc3 34. Bxb5
Bxa5 35. Ra2 Bd8 36. Bf1 Rxa2 37. Bxh3 Nf2+ 38. Kg1 Nxh3+ 39. Kf1 Rf2+ 40. Qxf2
Nxf2 41. Kxf2 Bb6 42. Ke2 Kf8 43. Kd3 Ke8 44. Kc4 Kd7 45. Kb5 Bc7 46. e5 Bd8
47. Nxd8 1-0

[Event "BL 8283 Lasker-Frankfurt"]
[Site "?"]
[Date "1982.??.??"]
[Round "?.5"]
[White "Haakert, J."]
[Black "Fette, M."]
[Result "0-1"]
[WhiteElo "2305"]
[BlackElo "2270"]
[PlyCount "86"]
[EventDate "1982.??.??"]

1. Nf3 g6 2. g3 Bg7 3. Bg2 d6 4. O-O Nf6 5. c4 O-O 6. Nc3 e5 7. b4 Nc6 8. Ba3
Nd4 9. e3 Nxf3+ 10. Bxf3 e4 11. Nxe4 Nxe4 12. Bxe4 Bxa1 13. Qxa1 Bh3 14. Rc1 c6
15. Qd4 Qe7 16. b5 c5 17. Qd5 Rae8 18. f3 b6 19. Bb2 Be6 20. Qd3 f6 21. Kf2 Rd8
22. h4 Qd7 23. Bc6 Qf7 24. e4 Bd7 25. Bd5 Be6 26. Bc6 Bd7 27. Bxd7 Rxd7 28. g4
Qe6 29. Rg1 Kf7 30. f4 Re7 31. Kf3 Rfe8 32. Re1 h5 33. f5 hxg4+ 34. Kg2 gxf5
35. Qg3 Qxc4 36. Qxd6 Re6 37. Qf4 Qd3 38. Qh6 Qf3+ 39. Kg1 Rg8 40. Qh5+ Rg6 41.
Rf1 Qg3+ 42. Kh1 Qh3+ 43. Kg1 g3 0-1

[Event "BL 8283 München 36-Delmenhorst"]
[Site "?"]
[Date "1982.??.??"]
[Round "?.1"]
[White "Meyer, CD."]
[Black "Unzicker, W."]
[Result "0-1"]
[WhiteElo "2365"]
[BlackElo "2465"]
[PlyCount "94"]
[EventDate "1982.??.??"]

1. e4 e5 2. Nf3 Nc6 3. Bb5 a6 4. Ba4 Nf6 5. d4 exd4 6. O-O Be7 7. Re1 O-O 8. e5
Ne8 9. Bf4 b5 10. Bb3 d5 11. c3 dxc3 12. Nxc3 d4 13. Nd5 Be6 14. Nxe7+ Qxe7 15.
Nxd4 Nxd4 16. Qxd4 Bxb3 17. axb3 c5 18. Qe3 Nc7 19. Bg5 Qe6 20. Qxc5 Rfc8 21.
Rac1 h6 22. Bd2 Qxb3 23. Qc3 Qxc3 24. Rxc3 Ne6 25. Ra1 Rd8 26. Be3 a5 27. f4
Nd4 28. Kf2 a4 29. Rd1 Nf5 30. Rxd8+ Rxd8 31. g4 Nxe3 32. Kxe3 b4 33. Rc1 a3
34. bxa3 bxa3 35. Ra1 Ra8 36. Ra2 Kf8 37. Ke4 Ke7 38. h3 Kd7 39. f5 Kc6 40. f6
gxf6 41. exf6 Kd6 42. h4 Ke6 43. g5 hxg5 44. hxg5 Ra4+ 45. Kd3 Kf5 46. Kc3 Kxg5
47. Kb3 Ra7 0-1

[Event "BL 8283 Bayern-Enger"]
[Site "?"]
[Date "1982.??.??"]
[Round "?.1"]
[White "Gruen, G."]
[Black "Pfleger, He"]
[Result "1/2-1/2"]
[WhiteElo "2285"]
[BlackElo "2505"]
[PlyCount "38"]
[EventDate "1982.??.??"]

1. d4 Nf6 2. c4 e6 3. Nf3 d5 4. Nc3 Be7 5. Bg5 O-O 6. e3 h6 7. Bh4 b6 8. Qb3
Bb7 9. Rd1 Nc6 10. cxd5 Na5 11. Qa4 Nxd5 12. Bxe7 Qxe7 13. Nxd5 Bxd5 14. Be2 c5
15. dxc5 Qxc5 16. O-O Nc4 17. Qc2 Nd6 18. Qxc5 bxc5 19. b3 f6 1/2-1/2

[Event "BL 8283 Bayern-Enger"]
[Site "?"]
[Date "1982.??.??"]
[Round "?.2"]
[White "Kindermann, S."]
[Black "Fleck, J."]
[Result "1/2-1/2"]
[WhiteElo "2465"]
[BlackElo "2365"]
[PlyCount "94"]
[EventDate "1982.??.??"]

1. e4 Nf6 2. e5 Nd5 3. d4 d6 4. Nf3 Nc6 5. c4 Nb6 6. e6 fxe6 7. Nc3 g6 8. h4
Bg7 9. h5 e5 10. d5 Nd4 11. hxg6 Bg4 12. gxh7 Qd7 13. Bd3 O-O-O 14. Be3 Rdf8
15. Bxd4 exd4 16. Ne4 Bxf3 17. gxf3 e6 18. dxe6 Qxe6 19. Qe2 d5 20. c5 dxe4 21.
cxb6 Qxb6 22. Bxe4 d3 23. Qxd3 Rd8 24. Qc4 Qxb2 25. O-O Qf6 26. Rfc1 c6 27.
Rab1 Rd7 28. Qa4 Bh6 29. Rc4 Qg5+ 30. Kf1 Qh5 31. Rxc6+ Kd8 32. Rxh6 Qxh6 33.
Qxa7 Rhxh7 34. Qb8+ Ke7 35. Bxh7 Qh1+ 36. Ke2 Qxh7 37. Qe5+ Kd8 38. Qb8+ Ke7
39. Qe5+ Kd8 40. Qa5+ Ke8 41. Qb5 Kf8 42. Rb4 Qc2+ 43. Kf1 Qd1+ 44. Kg2 Rg7+
45. Rg4 Rxg4+ 46. fxg4 Qxg4+ 47. Kf1 Qd1+ 1/2-1/2

[Event "BL 8283 Bayern-Enger"]
[Site "?"]
[Date "1982.??.??"]
[Round "?.3"]
[White "Kunsztowicz, U."]
[Black "Bischoff, K."]
[Result "1/2-1/2"]
[WhiteElo "2350"]
[BlackElo "2405"]
[PlyCount "54"]
[EventDate "1982.??.??"]

1. d4 Nf6 2. c4 c5 3. d5 b5 4. cxb5 a6 5. bxa6 g6 6. b3 Bg7 7. Bb2 d6 8. g3 O-O
9. Bg2 Nxa6 10. Nh3 Nb4 11. a3 Nbxd5 12. O-O Rb8 13. Nd2 Ba6 14. Rb1 Qa5 15.
Nc4 Bxc4 16. bxc4 Nb6 17. Qd3 Na4 18. Ba1 Ng4 19. Nf4 Rxb1 20. Rxb1 Bxa1 21.
Rxa1 Ne5 22. Qb3 Nb6 23. Nd5 Nxd5 24. Bxd5 e6 25. Bg2 Qa6 26. Rc1 Nd7 27. Bb7
Rb8 1/2-1/2

[Event "BL 8283 Bayern-Enger"]
[Site "?"]
[Date "1982.??.??"]
[Round "?.4"]
[White "Calvo Minguez, R."]
[Black "Clemens, C."]
[Result "1-0"]
[WhiteElo "2420"]
[BlackElo "2380"]
[PlyCount "77"]
[EventDate "1982.??.??"]

1. d4 f5 2. Bg5 g6 3. e3 Bg7 4. Nd2 Nf6 5. h4 d6 6. Bc4 d5 7. Be2 h6 8. Bf4 Be6
9. Ngf3 Nbd7 10. Ne5 Nxe5 11. Bxe5 Qd7 12. a4 O-O 13. Ra3 Rac8 14. b4 Qe8 15.
a5 Nd7 16. Bxg7 Kxg7 17. Qa1 Nf6 18. Nf3 Bd7 19. Ne5 Bb5 20. Bd3 Bxd3 21. cxd3
Nd7 22. a6 Nxe5 23. dxe5 b6 24. O-O e6 25. Rc1 c6 26. Qd4 Rf7 27. Rac3 Rfc7 28.
e4 Qe7 29. exd5 cxd5 30. b5 Qd7 31. Qb4 Rxc3 32. Rxc3 Rc7 33. Qd6 Qxd6 34. exd6
Rxc3 35. d7 Rc7 36. d8=Q Rf7 37. d4 f4 38. f3 h5 39. Kf2 1-0

[Event "BL 8283 Bayern-Enger"]
[Site "?"]
[Date "1982.??.??"]
[Round "?.7"]
[White "Markmann, U."]
[Black "Schubert, C."]
[Result "0-1"]
[WhiteElo "2225"]
[BlackElo "2255"]
[PlyCount "68"]
[EventDate "1982.??.??"]

1. e4 c5 2. Nc3 e6 3. Nf3 d5 4. exd5 exd5 5. Bb5+ Nc6 6. O-O Nf6 7. d4 cxd4 8.
Nxd4 Bd7 9. Re1+ Be7 10. Bxc6 bxc6 11. Qe2 Kf8 12. Bf4 Bc5 13. Nb3 Bg4 14. Qd3
Bb6 15. Qg3 Kg8 16. Bg5 Bf5 17. Re2 h6 18. Qf4 hxg5 19. Qxf5 g4 20. Rae1 Rh5
21. Qd3 c5 22. Qd1 Qd6 23. g3 Rd8 24. Rd2 Qd7 25. Ne4 Nxe4 26. Rxe4 c4 27. Rxc4
Bxf2+ 28. Kg2 Be3 29. Rxg4 Bxd2 30. Nxd2 d4 31. Rxg7+ Kxg7 32. Qxh5 Qc6+ 33.
Kg1 Rd6 34. Qg4+ Kf8 {.../??/} 0-1